|
|
|
|
| LEADER |
00804nab a2200181 i 4500 |
| 001 |
misc47424 |
| 005 |
20250307120657.0 |
| 008 |
210127s1938 hu o 000 hun d |
| 040 |
|
|
|a SZTE Miscellanea Repozitórium
|b hun
|
| 041 |
|
|
|a hun
|
| 245 |
0 |
0 |
|a Vezér és barát
|h [elektronikus dokumentum] :
|b hogyan vélekednek Szent-Györgyi Albertről a munkatársai
|
| 260 |
|
|
|c 1938-02-26
|
| 300 |
|
|
|a 1-2
|
| 300 |
|
|
|a Szent-Györgyi Albert Nobel-díja az 1937/38-as sajtóhíradások tükrében : újságkivágat-album, f. 80v.
|
| 490 |
0 |
|
|a Szepesi Hiradó : a szepesi magyarság politikai hetilapja
|v 76 No. 9
|
| 561 |
|
|
|a Szent-Györgyi Albert újságkivágat-album
|
| 695 |
|
|
|a Szent-Györgyi Albert - munkatársak, Nobel-díj - 1937
|
| 856 |
4 |
0 |
|u http://misc.bibl.u-szeged.hu/47424/1/081_001.pdf
|z Dokumentum-elérés
|